00250nam a2200109Ia 4500100001600000654001600016245002800032260004300060082001700103300000800120546001200128 aKasare/R.M  amechanical  aMechanical measurements bCentral Book PublishingaMumbaic2003 a621/KASbKAS a116 aENGLISH